Les mals mariés
Sparad:
| Huvudupphovsman: | |
|---|---|
| Materialtyp: | Bok |
| Språk: | Undetermined |
| Publicerad: |
París, Francia
Jehaber
1958
|
| Ämnen: | |
| Taggar: |
Lägg till en tagg
Inga taggar, Lägg till första taggen!
|
MARC
| LEADER | 00000nam a2200000Ia 4500 | ||
|---|---|---|---|
| 008 | 170316s9999 xx 000 0 und d | ||
| 040 | |a cru BVZT | ||
| 090 | |a 840 D-15m | ||
| 100 | |a Dupé, Gilbert | ||
| 245 | |a Les mals mariés | ||
| 260 | |a París, Francia | ||
| 260 | |b Jehaber | ||
| 260 | |c 1958 | ||
| 300 | |a 216 páginas | ||
| 650 | |a LITERATURA FRANCESA | ||
| 999 | |c 7640 |d 7640 | ||
| 942 | |c 15 D |h 840 D-15m |2 z | ||
